ბათუმის შოთა რუსთაველის სახელმწიფო უნივერსიტეტის ბიბლიოთეკა

ეტრუსკოლოგიის ნარკვევები / (ბიბ.ჩანაწერი № 34455)

000 -ლიდერი
ფიქსირებული სიგრძის საკონტროლო ველი 00971nam a2200241Ia 4500
001 - საკონტროლო ნომერი
საკონტროლო ველი 204
003 - საკონტროლო ნომრის იდენტიფიკატორი
საკონტროლო ველი GE_BSU
005 - ბოლო ოპერაციის თარიღი და დრო
საკონტროლო ველი 20230623145324.0
008 - ფიქსირებული სიგრძის მონაცემთა ელემენტები - ზოგადი ინფორმაცია
ფიქსირებული სიგრძის საკონტროლო ველი 181216s2005ge xx |||||||||||||| ||geo||
020 ## - წიგნის საერთაშორისო სტანდარტული ნომერი
International Standard Book Number 9994031023
040 ## - კატალოგიზაციის წყარო
Transcribing agency GE_BSU
041 ## - ენის კოდი
Language code of text/sound track or separate title geo
080 ## - უნივერსალური ათობითი კლასიფიკაციის ინდექსი
Universal Decimal Classification number 94(=342.1) ა-30
100 ## - მთავარი ჩანაწერი - პიროვნების სახელი
Personal name ავალიანი, ეკა
9 (RLIN) 16340
245 ## - ცნობა სათაურის შესახებ
Title ეტრუსკოლოგიის ნარკვევები /
Statement of responsibility, etc ეკა ავალიანი, რედ. რისმან გორდეზიანი
264 ## - წარმოების, გამოცემის, დისტრიბუციის და სხვა ცნობები
გამოცემის, წარმოების, დისტრიბუციის... ადგილი თბილისი :
გამოცემის, წარმოების, დისტრიბუციის... სახელწოდება ლოგოსი,
გამოცემის, წარმოების, დისტრიბუციის... თარიღი 2005.
300 ## - ფიზიკური აღწერა
Extent 122 გვ.:
Other physical details 20 სმ.
653 ## - INDEX TERM--UNCONTROLLED
Uncontrolled term ეტრუსკოლოგიის ნარკვევები
653 ## - INDEX TERM--UNCONTROLLED
Uncontrolled term ეტრუსკების ისტორია
653 ## - INDEX TERM--UNCONTROLLED
Uncontrolled term ეტრუსკოლოგია.
700 ## - ADDED ENTRY--PERSONAL NAME
Personal name გორდეზიანი, რისმან
Relator term რედაქტორი
9 (RLIN) 18932
942 ## - ADDED ENTRY ELEMENTS (KOHA)
Koha item type წიგნი
Source of classification or shelving scheme
ეგზემპლარები
ჩამოწერის სტატუსი დაკარგული ეგზემპლარის სტატუსი კლასიფიკაციის წყარო ან თაროზე გაწყობის სქემა დაზიანების სტატუსი არ გაიცემა მუდმივი მდებარეობა (დაცვის ადგილი) ამჟამინდელი ადგილსამყოფელი თაროზე განთავსების ადგილი შეძენის თარიღი ღირებულება, შესყიდვის ნორმალური ფასი სრული შენახვის შიფრი შტრიხკოდი ბოლო ოპერაციის თარიღი ეგზემპლარის მიმდევრობითი ნომერი (კეტერი?) ფასის ძალაში შესვლის თარიღი ეგზემპლარის სახეობა საჯარო შენიშვნა Uniform Resource Identifier
          ბათუმის შოთა რუსთაველის სახელმწიფო უნივერსიტეტის მთავარი ბიბლიოთეკა ბათუმის შოთა რუსთაველის სახელმწიფო უნივერსიტეტის მთავარი ბიბლიოთეკა წიგნსაცავი 2018-12-17 5.00 94(=342.1) ა-30 1265 2018-12-17 1265 2018-12-17 წიგნი 5.00  
          ბათუმის შოთა რუსთაველის სახელმწიფო უნივერსიტეტის მთავარი ბიბლიოთეკა ბათუმის შოთა რუსთაველის სახელმწიფო უნივერსიტეტის მთავარი ბიბლიოთეკა წიგნსაცავი 2023-06-23 5.00 94(=342.1) ა-30 64793 2023-06-23 64793 2023-06-23 წიგნი 5.00 ბსუ-ს საპატიო დოქტორის გურამ ლორთქიფანიძის საჩუქარი